Normal view
MARC view
Entry Meeting Name
001 - CONTROL NUMBER
- control field: 7679
003 - CONTROL NUMBER IDENTIFIER
- control field: OSt
005 - DATE AND TIME OF LATEST TRANSACTION
- control field: 20211105132927.0
008 - FIXED-LENGTH DATA ELEMENTS
- fixed length control field: 211105|| aca||aabn | a|a d
040 ## - CATALOGING SOURCE
- Original cataloging agency: OSt
- Transcribing agency: OSt
111 ## - HEADING--MEETING NAME
- Meeting name or jurisdiction name as entry element: Intenational Astronomical Union Symposium
- Number of part/section/meeting: 52nd
- Location of meeting: New York
- Date of meeting or treaty signing: 1972
670 ## - SOURCE DATA FOUND
- Source citation: Work cat.: (OSt): Intenational Astronomical Union, Interstellar dust and related topics, 1973